Central Library OPAC University of Rajshahi
Normal view MARC view

Entry Personal Name

Number of records used in: 2

001 - CONTROL NUMBER

  • control field: 10167

003 - CONTROL NUMBER IDENTIFIER

  • control field: BD-RjUL

005 - DATE AND TIME OF LATEST TRANSACTION

  • control field: 20231126112044.0

008 - FIXED-LENGTH DATA ELEMENTS

  • fixed length control field: 231126|| aca||aabn | a|a d

040 ## - CATALOGING SOURCE

  • Original cataloging agency: BD-RjUL
  • Transcribing agency: BD-RjUL

100 ## - HEADING--PERSONAL NAME

  • Personal name: বন্দ্যোপাধ্যায়, রুমা

670 ## - SOURCE DATA FOUND

  • Source citation: Work cat.: (BD-RjUL)82341: বন্দ্যোপাধ্যায়, রুমা , মঙ্গলকাব্যে নিম্নবর্গের অবস্থান / , ২০০৯